| 000 | 00423nam a2200157Ia 4500 | ||
|---|---|---|---|
| 008 | 151213s9999 xx 000 0 und d | ||
| 100 | _aA. G. Aronowitz Pete Hamill | ||
| 245 |
_aHeming Way _cA. G. Aronowitz Pete Hamill |
||
| 250 | _a1st | ||
| 260 |
_aNew York _bA Lancer Paperbak Edition Pus _c1961 |
||
| 300 | _a4319 p. | ||
| 650 | _aEnglish | ||
| 650 | _aStory | ||
| 700 | _aA. G. Aronowitz Pete Hamill | ||
| 999 |
_c2733 _d2733 |
||